000 00321nam a2200145Ia 4500
008 150201s2013 xx 000 0 und d
082 _a616.462
_bD13R
100 _aRAMAN, PG.
245 _aDIABETES PEANLS
250 _a2ND
260 _bPARAS
_aINDIA
_c2013
300 _a1-559
650 _aDIABETES
942 _2ddc
_cBK
999 _c1755
_d1755